ბათუმის შოთა რუსთაველის სახელმწიფო უნივერსიტეტის ბიბლიოთეკა

Neighborhood Tokyo / (ბიბ.ჩანაწერი № 63969)

000 -LEADER
fixed length control field 00648nam a22002057a 4500
003 - CONTROL NUMBER IDENTIFIER
control field Ge_BSU
005 - DATE AND TIME OF LATEST TRANSACTION
control field 20260227154321.0
008 - FIXED-LENGTH DATA ELEMENTS--GENERAL INFORMATION
fixed length control field 260227s1989 enk||||| |||| 00| 0 eng d
020 ## - INTERNATIONAL STANDARD BOOK NUMBER
International Standard Book Number 9780804717977x
041 ## - LANGUAGE CODE
Language code of text/sound track or separate title eng
080 ## - UNIVERSAL DECIMAL CLASSIFICATION NUMBER
Universal Decimal Classification number 316.334.56(520-25) B-52
100 ## - MAIN ENTRY--PERSONAL NAME
Personal name Bestor, Theodore C.
9 (RLIN) 27019
245 ## - TITLE STATEMENT
Title Neighborhood Tokyo /
Statement of responsibility, etc. Theodore C. Bestor.
264 ## - PRODUCTION, PUBLICATION, DISTRIBUTION, MANUFACTURE, AND COPYRIGHT NOTICE
Place of production, publication, distribution, manufacture Stanford :
Name of producer, publisher, distributor, manufacturer Stanford Univ. press,
Date of production, publication, distribution, manufacture, or copyright notice 1989.
300 ## - PHYSICAL DESCRIPTION
Extent 347 p. ;
Other physical details 22 cm.
504 ## - BIBLIOGRAPHY, ETC. NOTE
Bibliography, etc. note Bibliogr.: p. 321-333.
653 ## - INDEX TERM--UNCONTROLLED
keyword იაპონიის ქალაქების სოციოლოგია
653 ## - INDEX TERM--UNCONTROLLED
keyword ტოკიო
942 ## - ADDED ENTRY ELEMENTS (KOHA)
Source of classification or shelving scheme
Koha item type წიგნი
ეგზემპლარები
Withdrawn status Lost status Source of classification or shelving scheme Damaged status Not for loan Permanent Location Current Location Shelving location Date acquired Cost, normal purchase price Full call number Barcode Date last seen Copy number Uniform Resource Identifier Price effective from Koha item type Public note
          ბათუმის შოთა რუსთაველის სახელმწიფო უნივერსიტეტის მთავარი ბიბლიოთეკა ბათუმის შოთა რუსთაველის სახელმწიფო უნივერსიტეტის მთავარი ბიბლიოთეკა წიგნსაცავი 2026-02-27 18.00 316.334.56(520-25) B-52 73853 2026-02-27 73853 იაპონიის ელჩის საჩუქარი 2026-02-27 წიგნი 18 ლ.